• 首页
  • 本馆介绍
  • 公告通知
  • 最新文献
  • 馆藏检索
  • 电子资源
  • 读者导购
  • 参考咨询
  • 我的图书馆
  • 登录
  • 详细信息显示
  • 放入我的书架
  • 预约/预借图书
  • 作者相关作品
  • 分类相关作品
  • 丛书相关作品
  • 出版社相关作品

书目信息

  • 表格格式
  • 工作单格式
  • 卡片格式
题名:
企业法律实用指南
    
 
作者: 杨飞 编
分册:  
出版信息: 北京   经济日报出版社  1986
页数: 452页
开本: 19cm
丛书名:
单 册:
中图分类: D922.292
科图分类:
主题词: 企业法--中国--手册 , 公司法--中国--手册
电子资源:
ISBN: 6454.002
000 00654nam0 2200241 450
001 0186003252
005 20100712221518.0
010    @a6454.002@dCNY2.50
091    @a6454.002
100    @a19951017d1986 em y0chiy0110 ea
101 0  @achi
102    @aCN@b110000
105    @ay z 000yy
106    @ar
200 1  @a企业法律实用指南@9Qi Ye Fa Lu^ Shi Yong Zhi Nan;Na @f杨飞等编
210    @a北京@c经济日报出版社@d1986
215    @a452页@d19cm
606 0  @a企业法@y中国@x手册
606 0  @a公司法@y中国@x手册
690    @aD922.292@v3
701  0 @a杨飞@9yang fei@4编
801  0 @aCN@bAzMarc@c20130904
905    @aBZT@dD922.29@e215@f2@sD922.29/215
    
    企业法律实用指南/杨飞等编.-北京:经济日报出版社,1986
    452页;19cm
    
    
    ISBN 6454.002:CNY2.50
    
●
相关链接 在五车中查询图书 在当当中查询图书 在豆瓣中查询图书


正题名:企业法律实用指南     索取号:D922.29/215         预约/预借

序号 登录号 条形码 馆藏地/架位号 状态 备注
山东省滨州职业学院图书馆 欢迎您!
大连网信软件有限公司© 版权所有